Validity of colour coding as a risk approach strategy assessment tool in antenatal management in Larut Matang District /
Saved in:
| Main Author: | |
|---|---|
| Format: | Thesis Book |
| Language: | English |
| Published: |
2001.
|
| Subjects: | |
| Tags: |
Add Tag
No Tags, Be the first to tag this record!
|
| LEADER | 00936nam a2200229 a 4500 | ||
|---|---|---|---|
| 001 | u689128 | ||
| 003 | SIRSI | ||
| 008 | 981209s2001 my t 0 eng | ||
| 035 | |a ACR-3520 | ||
| 040 | |a UMP | ||
| 096 | |a WA20.5 |b UM 2001 Norw | ||
| 100 | 0 | 0 | |a Norsihimah Wahid. |
| 245 | 1 | 0 | |a Validity of colour coding as a risk approach strategy assessment tool in antenatal management in Larut Matang District / |c Norsihimah Wahid. |
| 260 | 0 | |c 2001. | |
| 300 | |a xii, 150 leaves : |b ill. ; |c 30 cm. | ||
| 502 | |a Dissertation (M.P.H) -- Department of Social and Preventive Medicine, Faculty of Medicine, University of Malaya, 2001. | ||
| 504 | |a Bibliography: p 136-150. | ||
| 650 | 2 | |a Pregnancy Outcome. | |
| 710 | 2 | 0 | |a Universiti Malaya. |b Jabatan Perubatan Kemasyarakatan dan Pencegahan. |
| 948 | |a 23/10/2001 |b 23/10/2001 | ||
| 596 | |a 2 | ||
| 999 | |a WA20.5 UM 2001 NORW |w NLM |c 1 |i A503623690 |d 12/7/2005 |f 12/7/2005 |g 1 |l TESIS |m P02MEDKL |r Y |s Y |t TESIS |u 12/7/2005 | ||
